Normal view
MARC view
Entry Personal Name
001 - CONTROL NUMBER
- control field: 84256
003 - CONTROL NUMBER IDENTIFIER
- control field: dpl
005 - DATE AND TIME OF LATEST TRANSACTION
- control field: 20250822125008.0
008 - FIXED-LENGTH DATA ELEMENTS
- fixed length control field: 250822|| aca||aabn | a|a d
040 ## - CATALOGING SOURCE
- Original cataloging agency: dpl
- Transcribing agency: dpl
100 ## - HEADING--PERSONAL NAME
- Personal name: HEROOR VENUGOPAL D
670 ## - SOURCE DATA FOUND
- Source citation: Work cat.: (dpl)213106: Datta, Bibhutibhusan 84255, HISTORY OF HINDU MATHEMATICS/, 2021
